Beginsels van Regsvergelyking / (Record no. 1069)

MARC details
000 -LEADER
fixed length control field 00560nam a22001817a 4500
005 - DATE AND TIME OF INPUT
control field 20231130065325.0
008 - DATA ELEMENTS--GENERAL INFORMATION
fixed length control field 231130b |||||||| |||| 00| 0 eng d
020 ## - INTERNATIONAL STANDARD BOOK NUMBER
International Standard Book Number 0409060666 ; 0409060674
041 ## - LANGUAGE CODE
Language code of text Afrikaans
082 ## - SHELF NUMBER
DDC number 340 VAN
100 ## - MAIN AUTHOR
Main author's name Van Zyl, DH
Language of a work Afrikaans
245 ## - TITLE STATEMENT
Title Beginsels van Regsvergelyking /
Statement of responsibility, etc. DH Van Zyl
250 ## - EDITION STATEMENT
Edition statement Eerste Uitgawe
260 ## - PUBLICATION, DISTRIBUTION, ETC.
Place of publication, distribution, etc. Durban :
Name of publisher, distributor, etc. Butterworth en Kie (Edms) Bpk,
Date of publication, distribution, etc. 1981
300 ## - PHYSICAL DESCRIPTION
Other physical details viii, 320 pages ;
Dimensions 26 cm.
650 ## - SUBJECT`
Broad subject Legal practice
Own subject terms Law
942 ## - ADDED ENTRY ELEMENTS (KOHA)
Item type Books
942 ## - ADDED ENTRY ELEMENTS (KOHA)
-- ALISON_BN_VRIES
Holdings
Source of classification or shelving scheme Not for loan Collection code Home library Current library Shelving location Date acquired Full call number Barcode Price effective from Koha item type
Dewey Decimal Classification   TEXT BOOKS LAW SOCIETY OF NAMIBIA LIBRARY - WINDHOEK LAW SOCIETY OF NAMIBIA LIBRARY - WINDHOEK General Shelf 11/30/2023 340 VAN LSN/1987/135 11/30/2023 Books